[Event "Oberliga NRW 0607"]
[Site "Germany"]
[Date "2006.10.29"]
[Round "2.3"]
[White "Schaefer, Markus"]
[Black "Roese, Oliver"]
[Result "1-0"]
[WhiteElo "2354"]
[BlackElo "2347"]
[PlyCount "133"]
[EventDate "2006.09.17"]
[EventType "team-tourn"]
[EventRounds "9"]
[EventCountry "GER"]
[SourceTitle "EXT 2007"]
[Source "ChessBase"]
[SourceDate "2006.11.23"]
[SourceVersion "1"]
[SourceVersionDate "2006.11.23"]
[SourceQuality "1"]
[WhiteTeam "Solingen II"]
[BlackTeam "Koeln SF"]
[WhiteTeamCountry "GER"]
[BlackTeamCountry "GER"]

1. e4 c6 2. d4 d5 3. Nc3 dxe4 4. Nxe4 Nd7 5. Nf3 Ngf6 6. Ng3 e6 7. Bd3 c5 8. 0-0 cxd4 9. Nxd4 Bc5 10. c3 0-0 11. Bc2 b6 12. Qf3 Ba6 13. Rd1 Ne5 14. Qf4 Neg4 15. Ne4 e5 16. Nxf6+ Nxf6 17. Qxe5 Re8 18. Qg3 Bxd4 19. cxd4 Rc8 20. Bb3 Qxd4 21. Be3 Qe5 22. Qxe5 Rxe5 23. Rd4 Bb5 24. Rad1 h6 25. Rd8+ Re8 26. Rxe8+ Bxe8 27. f3 Bd7 28. Rd6 Rc6 29. Rxc6 Bxc6 30. a3 Bd5 31. Bc2 Kf8 32. Kf2 Ke7 33. Bd4 h5 34. h4 g6 35. Ke3 Be6 36. Kf4 Bc4 37. Kg5 Nh7+ 38. Kh6 Nf6 39. Kg5 Nh7+ 40. Kf4 Nf6 41. Bd1 Nh7 42. g4 hxg4 43. fxg4 g5+ 44. hxg5 Nf8 45. Ke3 Ng6 46. Bc2 Be6 47. Bf5 Kd6 48. Ke4 Bd5+ 49. Kd3 Ba2 50. Kc3 Bd5 51. Bf2 Kc6 52. Kd4 Be6 53. Be4+ Kb5 54. Bf3 a5 55. Be2+ Kc6 56. a4 Bb3 57. Bb5+ Kb7 58. Bg3 Bd1 59. Bc4 Bxg4 60. Bxf7 Bf5 61. Kd5 Bc2 62. Kd6 Nh8 63. Be8 Bxa4 64. Bxa4 Nf7+ 65. Kd7 Nxg5 66. Bc6+ Ka6 67. Bf4 1-0

[Event "Oberliga NRW 0506"]
[Site "Germany"]
[Date "2006.05.07"]
[Round "9.1"]
[White "Antoniewski, Rafal"]
[Black "Roese, Oliver"]
[Result "1-0"]
[WhiteElo "2523"]
[BlackElo "2374"]
[PlyCount "65"]
[EventDate "2005.09.25"]
[EventType "team-tourn"]
[EventRounds "9"]
[EventCountry "GER"]
[SourceTitle "EXT 2007"]
[Source "ChessBase"]
[SourceDate "2006.11.23"]
[SourceVersion "1"]
[SourceVersionDate "2006.11.23"]
[SourceQuality "1"]
[WhiteTeam "Werther"]
[BlackTeam "Koeln SF"]
[WhiteTeamCountry "GER"]
[BlackTeamCountry "GER"]

1. e4 c5 2. Nf3 Nc6 3. d4 cxd4 4. Nxd4 Nf6 5. Nc3 e5 6. Ndb5 d6 7. Bg5 a6 8. Na3 b5 9. Nd5 Be7 10. Bxf6 Bxf6 11. c3 0-0 12. Nc2 Rb8 13. Bd3 Be6 14. Nce3 Bg5 15. 0-0 a5 16. a3 Ne7 17. Bc2 Ng6 18. Re1 Bxe3 19. Rxe3 Bxd5 20. Qxd5 Nf4 21. Qd2 Qg5 22. g3 Rb6 23. Kh1 Ne6 24. Bb3 Nc5 25. Bd5 Nd7 26. b4 Nf6 27. bxa5 Ra6 28. Bb7 Rxa5 29. Qxd6 Ng4 30. Rf3 Qd8 31. Qc5 Qb8 32. Bd5 Qa7 33. Bxf7+ 1-0

[Event "Oberliga NRW 0506"]
[Site "Germany"]
[Date "2005.12.04"]
[Round "4.1"]
[White "Roese, Oliver"]
[Black "Kohlweyer, Bernd"]
[Result "1/2-1/2"]
[WhiteElo "2374"]
[BlackElo "2423"]
[PlyCount "76"]
[EventDate "2005.09.25"]
[EventType "team-tourn"]
[EventRounds "9"]
[EventCountry "GER"]
[SourceTitle "EXT 2007"]
[Source "ChessBase"]
[SourceDate "2006.11.23"]
[SourceVersion "1"]
[SourceVersionDate "2006.11.23"]
[SourceQuality "1"]
[WhiteTeam "Koeln SF"]
[BlackTeam "Dortmund Hansa"]
[WhiteTeamCountry "GER"]
[BlackTeamCountry "GER"]

1. Nf3 Nf6 2. c4 e6 3. Nc3 d5 4. d4 c6 5. Bg5 h6 6. Bh4 dxc4 7. e4 g5 8. Bg3 b5 9. Be2 Bb7 10. h4 g4 11. Ne5 h5 12. 0-0 Nbd7 13. d5 Nxe5 14. Bxe5 Bd6 15. dxc6 Bxe5 16. cxb7 Rb8 17. Nxb5 Qxd1 18. Raxd1 Rxb7 19. Bxc4 Ke7 20. b3 Nxe4 21. Rfe1 Nc3 22. Rd3 Nxb5 23. Rxe5 Nd6 24. Ra5 f6 25. Kf1 Rc7 26. Ke2 e5 27. Ra6 Nxc4 28. bxc4 Rxc4 29. Rxa7+ Ke6 30. Ra6+ Kf7 31. Rdd6 Re4+ 32. Kd3 Rf4 33. Ke3 Rc8 34. Rdc6 Rxc6 35. Rxc6 Ra4 36. Rc2 Ke6 37. g3 Ra3+ 38. Ke2 Kd5 1/2-1/2

[Event "BL2-West 0405"]
[Site "Germany"]
[Date "2005.04.10"]
[Round "9.2"]
[White "Bojkov, Dejan"]
[Black "Roese, Oliver"]
[Result "1/2-1/2"]
[WhiteElo "2475"]
[BlackElo "2371"]
[PlyCount "84"]
[EventDate "2004.10.13"]
[EventType "team-tourn"]
[EventRounds "9"]
[EventCountry "GER"]
[SourceTitle "EXT 2006"]
[Source "ChessBase"]
[SourceDate "2005.11.24"]
[SourceVersion "1"]
[SourceVersionDate "2005.11.24"]
[SourceQuality "1"]
[WhiteTeam "Bergheim"]
[BlackTeam "Koeln SF"]
[WhiteTeamCountry "GER"]
[BlackTeamCountry "GER"]

1. e4 c5 2. Nf3 Nc6 3. d4 cxd4 4. Nxd4 Nf6 5. Nc3 e5 6. Ndb5 d6 7. Bg5 a6 8. Na3 b5 9. Bxf6 gxf6 10. Nd5 Bg7 11. c3 f5 12. exf5 Bxf5 13. Nc2 0-0 14. Nce3 Be6 15. g3 f5 16. Bg2 Rc8 17. Qh5 Ne7 18. 0-0 Rc5 19. Rad1 Kh8 20. Rd2 e4 21. Rfd1 Nxd5 22. Nxd5 Bxd5 23. Rxd5 Rxd5 24. Rxd5 Be5 25. Qh6 Rf6 26. Qg5 Qf8 27. Qd2 Qf7 28. f4 exf3 29. Bxf3 Qg6 30. Qd1 Qg5 31. Qd2 f4 32. g4 h5 33. Qg2 hxg4 34. Qxg4 Qxg4+ 35. Bxg4 f3 36. Kf2 Rf4 37. Bxf3 Rh4 38. Bg2 Bxh2 39. a4 bxa4 40. Ra5 Bf4 41. Rxa6 Bc1 42. Kg3 Rh6 1/2-1/2

[Event "Oberliga NRW 0304"]
[Site "Germany"]
[Date "2004.03.28"]
[Round "8.2"]
[White "Klasmeier, Jens"]
[Black "Roese, Oliver"]
[Result "0-1"]
[WhiteElo "2234"]
[BlackElo "2335"]
[PlyCount "56"]
[EventDate "2003.09.28"]
[EventType "team-tourn"]
[EventRounds "9"]
[EventCountry "GER"]
[SourceTitle "CBM 098 Extra"]
[Source "ChessBase"]
[SourceDate "2004.03.10"]
[SourceVersion "2"]
[SourceVersionDate "2004.03.10"]
[SourceQuality "1"]
[WhiteTeam "Essen Borbeck"]
[BlackTeam "Koeln KKS"]
[WhiteTeamCountry "GER"]
[BlackTeamCountry "GER"]

1. e4 c6 2. c4 d5 3. exd5 cxd5 4. cxd5 Nf6 5. Nc3 Nxd5 6. Nf3 Nxc3 7. bxc3 g6 8. Bc4 Bg7 9. 0-0 0-0 10. d4 Qc7 11. Qb3 Nc6 12. Bd3 b6 13. Re1 Bb7 14. Bg5 e6 15. Rac1 Na5 16. Qd1 Nc4 17. Bh4 Nb2 18. Qc2 Nxd3 19. Qxd3 Bxf3 20. gxf3 Rac8 21. c4 Qf4 22. Qe4 Qxe4 23. Rxe4 h6 24. Be7 Rfe8 25. Bd6 f5 26. Rh4 g5 27. Rh3 g4 28. Rh5 Kh7 0-1

[Event "Oberliga NRW 0304"]
[Site "Germany"]
[Date "2003.11.09"]
[Round "3.3"]
[White "Roese, Oliver"]
[Black "Coenen, Norbert"]
[Result "1-0"]
[WhiteElo "2335"]
[BlackElo "2409"]
[PlyCount "49"]
[EventDate "2003.09.28"]
[EventType "team-tourn"]
[EventRounds "9"]
[EventCountry "GER"]
[SourceTitle "CBM 098 Extra"]
[Source "ChessBase"]
[SourceDate "2004.03.10"]
[SourceVersion "2"]
[SourceVersionDate "2004.03.10"]
[SourceQuality "1"]
[WhiteTeam "Koeln KKS"]
[BlackTeam "Aachen"]
[WhiteTeamCountry "GER"]
[BlackTeamCountry "GER"]

1. Nf3 Nf6 2. b3 c5 3. Bb2 e6 4. e3 Be7 5. d4 0-0 6. Bd3 b6 7. Nbd2 Bb7 8. 0-0 d6 9. c4 Nc6 10. Qe2 Qc7 11. Rad1 Rfe8 12. dxc5 bxc5 13. Ne4 Nxe4 14. Bxe4 Nb4 15. Bb1 Bf8 16. Bxh7+ Kxh7 17. Ng5+ Kg6 18. Qg4 f5 19. Qh4 e5 20. f4 Qc8 21. e4 Rd8 22. fxe5 Bxe4 23. Qh7+ Kxg5 24. Bc1+ Kg4 25. Qh3# 1-0

[Event "Oberliga NRW 0001 II"]
[Site "NRW"]
[Date "2000.11.19"]
[Round "3.4"]
[White "Roese, Oliver"]
[Black "Huelsmann, Josef"]
[Result "1-0"]
[WhiteElo "2319"]
[BlackElo "2253"]
[PlyCount "73"]
[EventDate "2000.09.24"]
[EventType "team"]
[EventRounds "9"]
[EventCountry "GER"]
[SourceTitle "EXT 2006"]
[Source "ChessBase"]
[SourceDate "2005.11.24"]
[SourceVersion "1"]
[SourceVersionDate "2005.11.24"]
[SourceQuality "1"]
[WhiteTeam "Lohmar"]
[BlackTeam "Monheim"]
[WhiteTeamCountry "GER"]
[BlackTeamCountry "GER"]

1. e4 e6 2. d4 d5 3. Nc3 Nf6 4. Bg5 Bb4 5. Nge2 h6 6. Bxf6 Qxf6 7. a3 Bxc3+ 8. Nxc3 c6 9. e5 Qe7 10. Bd3 b6 11. Qe2 a5 12. f4 Ba6 13. 0-0 g6 14. g4 Bxd3 15. Qxd3 Nd7 16. Rf3 Qh4 17. h3 Nf8 18. Raf1 Ra7 19. Nd1 Qd8 20. Kh2 h5 21. Ne3 hxg4 22. Nxg4 Nd7 23. c4 Rc7 24. Rc1 Kf8 25. Qc2 dxc4 26. Qxc4 b5 27. Qc3 b4 28. axb4 axb4 29. Qxb4+ Kg7 30. Ne3 Qa8 31. Qd6 Rb7 32. f5 Qa2 33. fxg6 Rxb2+ 34. Kg1 Rb1 35. Rxf7+ Kxg6 36. Rxb1 Kxf7 37. Qxd7+ 1-0

[Event "Oberliga NRW 0001 II"]
[Site "NRW"]
[Date "2000.09.24"]
[Round "1.6"]
[White "Roese, Oliver"]
[Black "Krueger, Heiner"]
[Result "1-0"]
[WhiteElo "2319"]
[BlackElo "2076"]
[PlyCount "59"]
[EventDate "2000.09.24"]
[EventType "team"]
[EventRounds "9"]
[EventCountry "GER"]
[SourceTitle "EXT 2006"]
[Source "ChessBase"]
[SourceDate "2005.11.24"]
[SourceVersion "1"]
[SourceVersionDate "2005.11.24"]
[SourceQuality "1"]
[WhiteTeam "Lohmar"]
[BlackTeam "Enger Spenge"]
[WhiteTeamCountry "GER"]
[BlackTeamCountry "GER"]

1. e4 e6 2. d4 d5 3. Nc3 Nf6 4. Bg5 Be7 5. e5 Nfd7 6. Bxe7 Qxe7 7. f4 a6 8. Nf3 c5 9. dxc5 Nxc5 10. Bd3 Nc6 11. 0-0 g6 12. Ne2 Bd7 13. Ned4 b5 14. Nxc6 Bxc6 15. Nd4 Nxd3 16. Qxd3 Qc5 17. b4 Qb6 18. Kh1 0-0-0 19. Rfb1 Kc7 20. Rb3 Kb7 21. Ra3 Ra8 22. Nb3 Rhc8 23. Nc5+ Kb8 24. Qd4 Kc7 25. Ra5 Bb7 26. Re1 Kd8 27. Ra3 a5 28. f5 gxf5 29. Qh4+ Kc7 30. Qe7+ 1-0

[Event "Oberliga NRW 9900 I"]
[Site "Germany"]
[Date "2000.04.21"]
[Round "8.5"]
[White "Claesen, Jeroen"]
[Black "Roese, Oliver"]
[Result "0-1"]
[WhiteElo "2330"]
[BlackElo "2320"]
[PlyCount "116"]
[EventDate "1999.10.26"]
[EventType "team"]
[EventRounds "9"]
[EventCountry "GER"]
[SourceTitle "EXT 2001"]
[Source "ChessBase"]
[SourceDate "2000.11.22"]
[SourceVersion "1"]
[SourceVersionDate "2000.11.22"]
[SourceQuality "1"]
[WhiteTeam "Uebach Palenberg"]
[BlackTeam "Lohmar"]
[WhiteTeamCountry "GER"]
[BlackTeamCountry "GER"]

1. e4 c5 2. Nc3 Nc6 3. g3 g6 4. Bg2 Bg7 5. d3 d6 6. Be3 Rb8 7. f4 Nf6 8. h3 0-0 9. Qd2 Ne8 10. Nf3 b5 11. a3 a5 12. d4 b4 13. Nd1 Nf6 14. Nf2 bxa3 15. Rxa3 Rxb2 16. 0-0 Nb4 17. Rc1 Bb7 18. Ne1 Nd7 19. Rca1 Nc6 20. d5 Nd4 21. R1a2 Rb1 22. Bxd4 Bxd4 23. c3 Bg7 24. Rxa5 Nb6 25. Bf1 f5 26. Rb2 Rxb2 27. Qxb2 Nc4 28. Bxc4 Qxa5 29. e5 Ba6 30. Bxa6 Qxa6 31. Nf3 h6 32. Kg2 Qc4 33. Qb7 e6 34. dxe6 Qxe6 35. Qb6 Qd5 36. c4 Qxc4 37. Qxd6 Kh7 38. Nh4 Qf7 39. Qxc5 Qe6 40. Nf3 Rc8 41. Nd4 Qd7 42. Qb6 Qd5+ 43. Kh2 Rc4 44. Nb3 Rc2 45. Qe3 Rxf2+ 46. Qxf2 Qxb3 47. h4 Qd5 48. Qa7 Qe6 49. Qb7 g5 50. hxg5 hxg5 51. fxg5 Kg6 52. Qb5 Bxe5 53. Qd3 Kxg5 54. Kg2 Qc6+ 55. Kf2 Qc5+ 56. Kg2 Qd4 57. Qf1 Qe4+ 58. Kh2 Qh4+ 0-1

[Event "Lohmar"]
[Site "Lohmar"]
[Date "1999.12.31"]
[Round "6"]
[White "Dgebuadze, Alexandre"]
[Black "Roese, Oliver"]
[Result "1-0"]
[WhiteElo "2510"]
[BlackElo "2320"]
[PlyCount "39"]
[EventDate "1999.12.26"]
[EventType "tourn"]
[EventRounds "9"]
[EventCountry "GER"]
[EventCategory "3"]
[SourceTitle "EXT 2001"]
[Source "ChessBase"]
[SourceDate "2000.11.22"]
[SourceVersion "1"]
[SourceVersionDate "2000.11.22"]
[SourceQuality "1"]

1. e4 c5 2. Nf3 e6 3. d4 cxd4 4. Nxd4 Nc6 5. Nc3 a6 6. g3 Nge7 7. Nb3 d6 8. Bg2 Bd7 9. 0-0 Nc8 10. a4 Be7 11. Ne2 Bf6 12. c4 0-0 13. c5 Qc7 14. Nf4 Rd8 15. Be3 Bxb2 16. Rb1 Ba3 17. Nh5 e5 18. Bh6 gxh6 19. Qd2 Be8 20. Qxh6 1-0

[Event "Lohmar"]
[Site "Lohmar"]
[Date "1999.12.28"]
[Round "3"]
[White "Abolianin, Arthur"]
[Black "Roese, Oliver"]
[Result "1/2-1/2"]
[WhiteElo "2252"]
[BlackElo "2320"]
[PlyCount "130"]
[EventDate "1999.12.26"]
[EventType "tourn"]
[EventRounds "9"]
[EventCountry "GER"]
[EventCategory "3"]
[SourceTitle "EXT 2001"]
[Source "ChessBase"]
[SourceDate "2000.11.22"]
[SourceVersion "1"]
[SourceVersionDate "2000.11.22"]
[SourceQuality "1"]

1. c4 g6 2. Nc3 Bg7 3. d4 Nf6 4. e4 0-0 5. Be3 d6 6. f3 Nc6 7. Qd2 a6 8. Nge2 Bd7 9. g4 b5 10. h4 h5 11. g5 Ne8 12. cxb5 Na5 13. Nc1 axb5 14. Nxb5 c6 15. Nc3 Nc7 16. b4 Nb7 17. Rb1 Ra3 18. Bd3 e5 19. N1e2 d5 20. exd5 exd4 21. Bxd4 Bxd4 22. Nxd4 Nxd5 23. Nxd5 cxd5 24. Rb3 Ra7 25. Kf2 Qb6 26. Bb1 Nd6 27. Kg2 Nc4 28. Qf2 Ba4 29. Rd3 Qxb4 30. Nc6 Bxc6 31. Qxa7 Re8 32. Qf2 Nd6 33. Rd4 Qa5 34. Rc1 Qa6 35. Re1 Rb8 36. Bd3 Qa3 37. Re2 Qa5 38. Rb2 Re8 39. Rdb4 Qa8 40. Qc5 Nc4 41. Bxc4 dxc4 42. Rxc4 Bxf3+ 43. Kh2 Bd5 44. Rcb4 Bxa2 45. Qc7 Qd5 46. Rb8 Rxb8 47. Qxb8+ Kh7 48. Qf4 Qc4 49. Qg3 Qg4 50. Qf2 Bd5 51. Rd2 Qe4 52. Re2 Qg4 53. Re7 Qc4 54. Re2 Qc7+ 55. Qg3 Qxg3+ 56. Kxg3 Kg7 57. Re7 Bc4 58. Kf4 Bb3 59. Ke5 Bc4 60. Kd6 Bb3 61. Re3 Bc4 62. Ke7 Bd5 63. Re2 Bc4 64. Re4 Bd5 65. Rf4 Bb3 1/2-1/2

[Event "Bundesliga 9192"]
[Site "Germany"]
[Date "1992.??.??"]
[Round "?.7"]
[White "Bischoff, Klaus"]
[Black "Roese, Oliver"]
[Result "1-0"]
[WhiteElo "2495"]
[BlackElo "2375"]
[PlyCount "59"]
[EventDate "1991.10.12"]
[EventType "team-tourn"]
[EventRounds "15"]
[EventCountry "GER"]
[SourceTitle "GER-chT"]
[Source "ChessBase"]
[SourceDate "1999.07.01"]
[SourceVersion "1"]
[SourceVersionDate "1999.07.01"]
[SourceQuality "1"]
[WhiteTeam "Bayern Muenchen"]
[BlackTeam "Muenchen 36"]
[WhiteTeamCountry "GER"]
[BlackTeamCountry "GER"]

1. c4 Nf6 2. Nc3 d5 3. cxd5 Nxd5 4. g3 g6 5. Bg2 Nb6 6. d3 Bg7 7. Be3 0-0 8. Qd2 N8d7 9. Bh6 Nf6 10. Bxg7 Kxg7 11. Nf3 c6 12. 0-0 Bg4 13. Ng5 h6 14. Nge4 Nxe4 15. Nxe4 e5 16. Rfc1 Qe7 17. Nc5 Be6 18. b4 Bd5 19. e4 Be6 20. Qc3 f6 21. a4 a6 22. Rd1 Rfd8 23. d4 Bg4 24. f3 exd4 25. Qb3 Bd7 26. a5 Nc8 27. Rxd4 b6 28. axb6 Nxb6 29. Rad1 a5 30. bxa5 1-0

[Event "Bundesliga 9192"]
[Site "Germany"]
[Date "1992.??.??"]
[Round "?.7"]
[White "Roese, Oliver"]
[Black "Brueggemann, Joachim"]
[Result "0-1"]
[WhiteElo "2375"]
[BlackElo "2305"]
[PlyCount "50"]
[EventDate "1991.10.12"]
[EventType "team-tourn"]
[EventRounds "15"]
[EventCountry "GER"]
[SourceTitle "GER-chT"]
[Source "ChessBase"]
[SourceDate "1999.07.01"]
[SourceVersion "1"]
[SourceVersionDate "1999.07.01"]
[SourceQuality "1"]
[WhiteTeam "Muenchen 36"]
[BlackTeam "Erfurt"]
[WhiteTeamCountry "GER"]
[BlackTeamCountry "GER"]

1. e4 c5 2. Nf3 d6 3. d4 cxd4 4. Nxd4 Nf6 5. Nc3 a6 6. Bc4 e6 7. Bb3 Nbd7 8. 0-0 Nc5 9. f3 Be7 10. Qe1 0-0 11. Qg3 Re8 12. Kh1 Qc7 13. Bh6 Bf8 14. Bg5 Be7 15. Rad1 b5 16. Nde2 b4 17. Na4 Nxb3 18. cxb3 Bd7 19. Nf4 Qa5 20. Bxf6 Bxf6 21. Rd2 Bxa4 22. bxa4 b3 23. Rd3 bxa2 24. Ra3 Be5 25. Rd1 Qb6 0-1

[Event "Bundesliga 9192"]
[Site "Germany"]
[Date "1992.??.??"]
[Round "?.7"]
[White "Roese, Oliver"]
[Black "Luecke, Norbert"]
[Result "0-1"]
[WhiteElo "2375"]
[BlackElo "2395"]
[PlyCount "58"]
[EventDate "1991.10.12"]
[EventType "team-tourn"]
[EventRounds "15"]
[EventCountry "GER"]
[SourceTitle "GER-chT"]
[Source "ChessBase"]
[SourceDate "1999.07.01"]
[SourceVersion "1"]
[SourceVersionDate "1999.07.01"]
[SourceQuality "1"]
[WhiteTeam "Muenchen 36"]
[BlackTeam "Dortmund"]
[WhiteTeamCountry "GER"]
[BlackTeamCountry "GER"]

1. e4 c5 2. Nf3 Nc6 3. d4 cxd4 4. Nxd4 Qb6 5. Nb3 Nf6 6. Nc3 e6 7. Bd3 Be7 8. 0-0 a6 9. Be3 Qc7 10. f4 d6 11. Qf3 0-0 12. Rae1 b5 13. g4 Bb7 14. g5 Nd7 15. Qh3 Nb4 16. a3 Nxd3 17. cxd3 Nc5 18. Nc1 d5 19. exd5 Rad8 20. d4 Na4 21. Nxa4 bxa4 22. dxe6 Qc6 23. exf7+ Rxf7 24. Nd3 Bxg5 25. Ne5 Qh1+ 26. Kf2 Qe4 27. Nxf7 Bh4+ 28. Ke2 Qc2+ 29. Bd2 Kxf7 0-1

[Event "Bundesliga 9192"]
[Site "Germany"]
[Date "1992.??.??"]
[Round "?.7"]
[White "Roese, Oliver"]
[Black "Vogt, Lothar"]
[Result "0-1"]
[WhiteElo "2375"]
[BlackElo "2515"]
[PlyCount "66"]
[EventDate "1991.10.12"]
[EventType "team-tourn"]
[EventRounds "15"]
[EventCountry "GER"]
[SourceTitle "GER-chT"]
[Source "ChessBase"]
[SourceDate "1999.07.01"]
[SourceVersion "1"]
[SourceVersionDate "1999.07.01"]
[SourceQuality "1"]
[WhiteTeam "Muenchen 36"]
[BlackTeam "Koeln Porz"]
[WhiteTeamCountry "GER"]
[BlackTeamCountry "GER"]

1. e4 c5 2. Nf3 e6 3. d4 cxd4 4. Nxd4 Nf6 5. Nc3 d6 6. Be2 Be7 7. 0-0 0-0 8. f4 Qb6 9. Be3 Qxb2 10. Qe1 Qb6 11. e5 Ne8 12. Nf5 Qd8 13. Nxe7+ Qxe7 14. Rd1 Nd7 15. Bb5 dxe5 16. Ne4 Nef6 17. Nxf6+ Nxf6 18. fxe5 Nd5 19. Bd4 b6 20. Rd3 Qb4 21. c4 Qxe1 22. Rxe1 Nb4 23. Rd2 Rd8 24. Bc3 Rxd2 25. Bxd2 Nc2 26. Rd1 Bb7 27. Bc3 Bxg2 28. Kxg2 Ne3+ 29. Kf3 Nxd1 30. Bd4 Rd8 31. Ke4 f5+ 32. exf6 gxf6 33. Bxf6 Nf2+ 0-1

[Event "Bundesliga 9192"]
[Site "Germany"]
[Date "1992.??.??"]
[Round "?.7"]
[White "Schaefer, Markus"]
[Black "Roese, Oliver"]
[Result "1/2-1/2"]
[WhiteElo "2430"]
[BlackElo "2375"]
[PlyCount "49"]
[EventDate "1991.10.12"]
[EventType "team-tourn"]
[EventRounds "15"]
[EventCountry "GER"]
[SourceTitle "GER-chT"]
[Source "ChessBase"]
[SourceDate "1999.07.01"]
[SourceVersion "1"]
[SourceVersionDate "1999.07.01"]
[SourceQuality "1"]
[WhiteTeam "Solingen"]
[BlackTeam "Muenchen 36"]
[WhiteTeamCountry "GER"]
[BlackTeamCountry "GER"]

1. e4 c5 2. Nf3 e6 3. d4 cxd4 4. Nxd4 Nc6 5. Nc3 a6 6. Be3 Qc7 7. Bd3 Nf6 8. 0-0 Be7 9. Kh1 d6 10. f4 0-0 11. Qf3 Bd7 12. Qg3 Nb4 13. Rac1 Bc6 14. Nxc6 Qxc6 15. e5 Ne8 16. Be2 Qc7 17. exd6 Bxd6 18. a3 Nc6 19. Ne4 Be7 20. Bd3 Nf6 21. Qh3 Nxe4 22. Bxe4 g6 23. f5 exf5 24. Rxf5 f6 25. Rff1 1/2-1/2

[Event "Bundesliga 9192"]
[Site "Germany"]
[Date "1991.??.??"]
[Round "?.7"]
[White "Beckemeier, Werner"]
[Black "Roese, Oliver"]
[Result "1/2-1/2"]
[WhiteElo "2380"]
[BlackElo "2375"]
[PlyCount "117"]
[EventDate "1991.10.12"]
[EventType "team-tourn"]
[EventRounds "15"]
[EventCountry "GER"]
[SourceTitle "GER-chT"]
[Source "ChessBase"]
[SourceDate "1999.07.01"]
[SourceVersion "1"]
[SourceVersionDate "1999.07.01"]
[SourceQuality "1"]
[WhiteTeam "Bochum"]
[BlackTeam "Muenchen 36"]
[WhiteTeamCountry "GER"]
[BlackTeamCountry "GER"]

1. e4 c5 2. Nf3 e6 3. d4 cxd4 4. Nxd4 Nc6 5. Nc3 Qc7 6. f4 a6 7. Nxc6 bxc6 8. Bd3 Nf6 9. e5 Nd5 10. Ne4 c5 11. c4 Nb4 12. Bb1 Bb7 13. 0-0 Rd8 14. Qg4 Bxe4 15. Bxe4 g6 16. Qf3 Be7 17. Bd2 0-0 18. Bc3 Rc8 19. a3 Nc6 20. Bxc6 dxc6 21. Qd1 Rcd8 22. Qa4 Qb7 23. Rad1 Rxd1 24. Rxd1 Rd8 25. Rxd8+ Bxd8 26. Kf2 h6 27. Qd1 Be7 28. g4 Qc8 29. Ke2 Kf8 30. Qd3 Ke8 31. Qh3 Bf8 32. Kd1 Qd7+ 33. Kc2 Qc8 34. Bd2 Qd7 35. Be3 Qe7 36. Bf2 Qd7 37. Qh4 Qe7 38. Qg3 Kd7 39. Qb3 Kc7 40. Qa4 Kb7 41. Qa5 Qc7 42. Qxc7+ Kxc7 43. Bh4 Kc8 44. Kd3 Kd7 45. Bf6 Be7 46. Bg7 h5 47. gxh5 gxh5 48. Ke4 Bh4 49. Kf3 Ke7 50. Kg2 f5 51. exf6+ Bxf6 52. Bxf6+ Kxf6 53. Kf3 Kf5 54. h3 a5 55. a4 e5 56. fxe5 Kxe5 57. Ke3 Kf5 58. Kf3 Ke5 59. Ke3 1/2-1/2

[Event "Bundesliga 9091"]
[Site "Germany"]
[Date "1991.??.??"]
[Round "?.6"]
[White "Roese, Oliver"]
[Black "Beilfuss, Wilfried"]
[Result "1/2-1/2"]
[WhiteElo "2385"]
[BlackElo "2220"]
[PlyCount "121"]
[EventDate "1990.10.06"]
[EventType "team-tourn"]
[EventRounds "15"]
[EventCountry "GER"]
[SourceTitle "GER-chT"]
[Source "ChessBase"]
[SourceDate "1999.07.01"]
[SourceVersion "1"]
[SourceVersionDate "1999.07.01"]
[SourceQuality "1"]
[WhiteTeam "Muenchen 36"]
[BlackTeam "Bielefeld"]
[WhiteTeamCountry "GER"]
[BlackTeamCountry "GER"]

1. e4 c5 2. Nf3 e6 3. d4 cxd4 4. Nxd4 a6 5. Nc3 Qc7 6. Be2 b5 7. f4 Bb7 8. Bf3 b4 9. Na4 Nf6 10. Qe2 d6 11. 0-0 Be7 12. a3 bxa3 13. b3 0-0 14. Bxa3 Nc6 15. Rfd1 Rac8 16. Rac1 Rfd8 17. Qe3 Bf8 18. Ne2 Rb8 19. Rd2 Ba8 20. Rcd1 Nb4 21. c3 Nc6 22. c4 Na5 23. Rd3 Bc6 24. Nb2 Ba8 25. Ng3 h6 26. Rc1 Nc6 27. Qd2 e5 28. Nf5 exf4 29. Qxf4 Ne5 30. Re3 Nh7 31. Kh1 Ng5 32. Nd4 Re8 33. Rce1 g6 34. Na4 Bg7 35. Rd1 Rbd8 36. Nc3 Qb6 37. Nd5 Bxd5 38. exd5 Nexf3 39. Rxe8+ Rxe8 40. Nxf3 Qxb3 41. Rf1 Re4 42. Qxd6 Nxf3 43. gxf3 Rxc4 44. Kg2 Rd4 45. Qxa6 Rxd5 46. Bd6 Kh7 47. Bg3 h5 48. Rf2 Rd1 49. Qa2 Qb7 50. Rd2 Rxd2+ 51. Qxd2 Bf6 52. Qf4 Kg7 53. Qe4 Qxe4 54. fxe4 g5 55. h3 Bd4 56. Kf3 Kf6 57. Be1 Be5 58. Bd2 Kg6 59. Be3 f6 60. Bc5 Kf7 61. Bb4 1/2-1/2

[Event "Bundesliga 9091"]
[Site "Germany"]
[Date "1991.??.??"]
[Round "?.6"]
[White "Roese, Oliver"]
[Black "Reefschlaeger, Helmut"]
[Result "1/2-1/2"]
[WhiteElo "2385"]
[BlackElo "2380"]
[PlyCount "91"]
[EventDate "1990.10.06"]
[EventType "team-tourn"]
[EventRounds "15"]
[EventCountry "GER"]
[SourceTitle "GER-chT"]
[Source "ChessBase"]
[SourceDate "1999.07.01"]
[SourceVersion "1"]
[SourceVersionDate "1999.07.01"]
[SourceQuality "1"]
[WhiteTeam "Muenchen 36"]
[BlackTeam "Hamburger SK"]
[WhiteTeamCountry "GER"]
[BlackTeamCountry "GER"]

1. e4 g6 2. d4 c6 3. Nf3 d5 4. e5 f6 5. Bd3 Bg7 6. 0-0 Nh6 7. exf6 exf6 8. Re1+ Kf7 9. c4 Be6 10. cxd5 cxd5 11. Nc3 Nc6 12. Bf4 a6 13. h3 Re8 14. Na4 Nf5 15. Nc5 Qc8 16. Bxf5 gxf5 17. Qb3 Na5 18. Qb4 b6 19. Qxb6 Nc4 20. Qb3 Ra7 21. Qc2 Bf8 22. Nxe6 Rxe6 23. Rxe6 Qxe6 24. Re1 Qd7 25. Nh4 Bb4 26. Re2 Bd6 27. Be3 Nxe3 28. Rxe3 Rc7 29. Rc3 Rxc3 30. Qxc3 Qe6 31. g3 Qe4 32. Qf3 Ke6 33. Kg2 f4 34. gxf4 Bxf4 35. Qxe4+ dxe4 36. Kf1 Bc1 37. b3 Bb2 38. Ke2 Bxd4 39. f3 Ke5 40. fxe4 Kxe4 41. Nf3 Be5 42. Ne1 f5 43. Nd3 Bd6 44. b4 Kd4 45. a3 f4 46. Nf2 1/2-1/2